Valtiot tunnuslauseen mukaan - Statistics

Yleistilastot
  • Tätä visaa on pelattu 32 kertaa
  • Keskiarvotulos 15 / 34
Vastaustilastot
Maanosa Tunnuslause Maa % Oikein
Aasia Ei ole muuta jumalaa kuin Jumala ja Muhammad on hänen sanansaattajansa Saudi-Arabia
71%
Etelä-Amerikka Järjestys ja edistys Brasilia
68%
Pohjois-Amerikka Mereltä merelle Kanada
68%
Aasia Kaikkien maiden työläiset, liittykää yhteen Neuvostoliitto
68%
Pohjois-Amerikka Toivo on palautettu New Brunswick(Kanada)
68%
Pohjois-Amerikka Etsi ensin Jumalan valtakunta Newfoundland ja Labrador(Kanada)
68%
Eurooppa Vain yhtenäisyys pelastaa serbit Serbia
68%
Aasia Vain totuus voittaa Intia
64%
Aasia Jumala on suurin Irak
64%
Eurooppa Vapaus, tasa-arvo, veljeys Ranska
61%
Oseania Vasta noussut, kuinka kirkkaasti sinä loistat Uusi Etelä-Wales(Australia)
61%
Eurooppa Vielä pidemmälle Espanja
54%
Pohjois-Amerikka Isänmaa tai kuolema Kuuba
50%
Pohjois-Amerikka Kunnioita muiden oikeuksia rauhassa Meksiko
50%
Aasia Hymyjen maa Thaimaa
50%
Etelä-Amerikka Järjellä tai voimalla Chile
43%
Aasia Tuo laajasti hyötyä ihmiskunnalle Etelä-Korea
43%
Eurooppa Tuhkasta nousee punainen lohikäärme Wales(Iso-Britannia)
43%
Eurooppa Jumala ja oikeuteni Iso-Britannia
39%
Eurooppa Minne heität sen, se jää Mansaari(Iso-Britannia)
39%
Aasia Usko ja kansan tuki johtavat voittoon Pohjois-Korea
39%
Eurooppa Minua ei ärsytetä rankaisematta Skotlanti(Iso-Britannia)
39%
Oseania Jumalan tahto ensin Nauru
32%
Eurooppa Vapaus, sopusointu, hyvyys Ukraina
32%
Aasia Isänmaa on arvokkaampi kuin taivaan valtakunta Nepal
29%
Aasia Rauha maassa, rauha maailmassa Turkki
29%
Oseania Terveys, rauha ja menestyminen Kiribati
25%
Eurooppa Minä pidän yllä Alankomaat
21%
Afrikka Työskennellään yhdessä Kenia
21%
Afrikka Intian valtameren tähti ja avain Mauritius
21%
Oseania Johtaminen on palvelua Salomonsaaret
21%
Afrikka Kansan toimesta ja kansan vuoksi Algeria
14%
Etelä-Amerikka Yksi kansa, yksi kansakunta, yksi kohtalo Guyana
14%
Afrikka Jumala, isänmaa, kuningas Marokko
14%
Ehtoja vastaavia visoja ei löytynyt
Tulosjakauma
Jokaisen tuloksen saaneiden osuus
Persentiili vastausten määrän mukaan
Tuloshistoriasi
Et ole pelannut tätä visaa